| 000 | 00613nam a22001697a 4500 | ||
|---|---|---|---|
| 010 | _a1718CH-EN | ||
| 020 |
_a9788190960601 _c450.00 |
||
| 035 | _aB-679892-913 | ||
| 037 |
_aDPL _bKids Knowledge Bank |
||
| 100 | _aSethi Nitin | ||
| 245 | _aKids and diabetes / | ||
| 260 |
_aDelhi _bKids Knowledge _c2017 |
||
| 270 |
_a7/20, 60 Feet Road, Yudhishtra Gali, _bDelhi _e110032 |
||
| 300 |
_a56p. _c25cm(Hb) |
||
| 942 |
_2ddc _cCH _mKID |
||
| 999 |
_c141666 _d141666 |
||